| 000 | 01530nam a2200313 a 4500 | ||
|---|---|---|---|
| 001 | BRCA_3005 | ||
| 005 | 20190320204051.0 | ||
| 008 | 190109s1713----fr-#---###---#000-0#fre-u | ||
| 041 | _afre | ||
| 044 | _afr | ||
| 084 |
_a327 _b.L54 _c1713 |
||
| 100 | 1 |
_aCervantes Saavedra, Miguel de _d1547-1616 _9213 |
|
| 245 | 1 | 0 |
_aHistorie de l´Admirable Don Quichotte de la Manche _cTraduite de L´Espagnol de Michael de Cervantes par Filleau de Saint-Martin. |
| 260 |
_aParís _bLa campagnie des libraires _c1713 |
||
| 300 |
_a6 v. _bil. _c17 cm. |
||
| 500 | _aContenido : v 1. Primera parte. Advertencia del traductor. Texto. -- v 2. Texto. -- v 3. Segunda parte. Texto. -- v 4. Texto. -- v 5. Continuación del traductor. Texto. v 6. Texto | ||
| 500 | _aEdición : Nouvelle Edition Revuë, Corrigée et Augemntée | ||
| 500 | _aEn esta edición aparece, por primera vez, un sexto tomo que contiene la continuación de la obra iniciada en el quinto, y escrita por su traductor Filleau de Saint-Martin. Piel; lomeras decoradas con dorados Lúdovik Osterc | ||
| 500 | _aQM256 | ||
| 546 | _aTexto en : francés | ||
| 650 | 1 | 4 |
_aNovela española _yÉpoca clásica, 1500-1700 _9215 |
| 650 | 1 | 4 |
_aLiteratura española _yÉpoca clásica, 1500-1700 _9216 |
| 650 | 1 | 4 |
_aNovela española _ySiglo XVII _9217 |
| 650 | 1 | 4 |
_aDon Quijote (Personaje ficticio) _eNovela _9218 |
| 700 | 1 |
_aSaint-Martin, Francois Filleau de _d1632-1695 _eTraductor _98297 |
|
| 740 | 0 | _aEl Ingenioso Hidalgo Don Quijote de la Mancha | |
| 902 | _aQFM | ||
| 942 |
_2lcc _cB |
||
| 999 |
_c2743 _d2743 |
||